| 000 | 01107nas a2200325 4500 | ||
|---|---|---|---|
| 001 | BR2011001344 | ||
| 003 | BR-BrBNA | ||
| 005 | 20231205114512.0 | ||
| 007 | ta | ||
| 008 | 230509b bl.|||p| |||| 00| 00por d | ||
| 040 |
_aBR-BrBNA _bpor _cBiblioteca Nacional de Agricultura |
||
| 041 | _a(Pt) | ||
| 072 | _aL72 | ||
| 100 | 1 | _aSilva, C.F. | |
| 100 | 1 | _aAthayde, A.C.R. | |
| 100 | 1 | _aSilva, W.W. | |
| 100 | 1 | _aRodrigues, O.G. | |
| 100 | 1 | _aVilela, V.L.R. | |
| 100 | 1 | _aMarinho, P.V.T. | |
| 245 | 1 | _aAvaliação da eficácia de taboa (Typha domingensis Pers.)e batata-de-purga (Operculina hamiltoni (G. Don)D.F. Austin Staples)in natura sobre nematóides gastrintestinais de caprinos, naturalmente infectados, em clima semi-árido | |
| 650 | _aCAPRINO | ||
| 650 | _aNEMATÓIDE | ||
| 650 | _aANTI-HELMÍNTICO | ||
| 650 | _aMEDICAMENTO | ||
| 650 | _aTABOA | ||
| 650 | _aBATATA DE PURGA | ||
| 773 | 0 |
_tRevista Brasileira de Plantas Medicinais (Brazil) _xISSN 1516-0572 _g(Nov 2010), v. 12(4) p. 466-471 _wBR2011001344 |
|
| 909 |
_a202311 _bLúcia _c55 _dLúcia Elande |
||
| 942 |
_2AGRIS _n0 _cANA |
||
| 999 |
_c209070 _d209070 |
||